Text book of surveying (Record no. 9715)

000 -LEADER
fixed length control field 00462nam a2200193 4500
001 - CONTROL NUMBER
control field 9715
003 - CONTROL NUMBER IDENTIFIER
control field BD-DhUET
008 - FIXED-LENGTH DATA ELEMENTS--GENERAL INFORMATION
fixed length control field 150201b xxu||||| |||| 00| 0 eng d
040 ## - CATALOGING SOURCE
Original cataloging agency DLC
Transcribing agency DLC
Modifying agency BD-DhUET
082 ## - DEWEY DECIMAL CLASSIFICATION NUMBER
Classification number 526.9
Item number SHA/1982
100 ## - MAIN ENTRY--PERSONAL NAME
Personal name Shajahan, M.
245 ## - TITLE STATEMENT
Title Text book of surveying
250 ## - EDITION STATEMENT
Edition statement 1st ed.
260 ## - PUBLICATION, DISTRIBUTION, ETC. (IMPRINT)
Place of publication, distribution, etc. Dacca
Name of publisher, distributor, etc. Kazi Mahfuzur Rahman
Date of publication, distribution, etc. 1982
300 ## - PHYSICAL DESCRIPTION
Extent x, 367p.
Other physical details ill.
650 #0 - SUBJECT ADDED ENTRY--TOPICAL TERM
Topical term or geographic name as entry element Surveying
700 ## - ADDED ENTRY--PERSONAL NAME
Personal name Aziz, M. A.
942 ## - ADDED ENTRY ELEMENTS (KOHA)
Koha item type General Book
Holdings
Lost status Koha out on loan Withdrawn status Koha issues (times borrowed) Koha item type Koha date last seen Koha normalized classification for sorting Copy number Damaged status Location (home branch) Piece designation (barcode) Not for loan Date acquired Sublocation or collection (holding branch) Source of classification or shelving scheme Shelving location Koha date last borrowed Price effective from Koha full call number
   7General Book2025-12-02526_900000000000000_SHA_19821 Central Library, BUET56198  2015-02-01Central Library, BUET Circulation section2024-11-192015-02-01526.9/SHA/1982
 2024-12-03 8General Book2024-11-19526_900000000000000_SHA_19822 Central Library, BUET56200 2015-03-24Central Library, BUET Circulation section2024-11-192015-03-24526.9/SHA/1982
    Reading Item2015-06-08526_900000000000000_SHA_19823 Central Library, BUET56191 2015-06-08Central Library, BUET Reading section 2015-06-08526.9/SHA/1982
    Reading Item2015-06-08526_900000000000000_SHA_19824 Central Library, BUET56195 2015-06-08Central Library, BUET Reading section 2015-06-08526.9/SHA/1982
    Reading Item2015-06-09526_900000000000000_SHA_19825 Central Library, BUET56192 2015-06-09Central Library, BUET Reading section 2015-06-09526.9/SHA/1982
    Reading Item2015-06-13526_900000000000000_SHA_19826 Central Library, BUET56194 2015-06-13Central Library, BUET Reading section 2015-06-13526.9/SHA/1982